书目信息 |
| 题名: |
工矿企业供电
|
|
| 作者: | 张学成 主编 | |
| 分册: | ||
| 出版信息: | 徐州 中国矿业大学出版社 1998.07 |
|
| 页数: | 300页 | |
| 开本: | 26cm | |
| 丛书名: | ||
| 单 册: | ||
| 中图分类: | TM727.3 | |
| 科图分类: | ||
| 主题词: | 工业用电--gong ye yong dian--供电 | |
| 电子资源: | ||
| ISBN: | 7-81040-828-3 | |
| 000 | 00844nam0 2200241 450 | |
| 001 | 012007615780 | |
| 005 | 20070428090403.10 | |
| 010 | @a7-81040-828-3@dCNY28.00 | |
| 100 | @a20070204d1998 km y0chiy0120 ea | |
| 101 | 0 | @achi |
| 102 | @aCN@b320000 | |
| 105 | @aa a 000yy | |
| 200 | 1 | @a工矿企业供电@Agong kuang qi ye gong dian@f张学成主编@Fzhang xue cheng zhu bian |
| 210 | @a徐州@c中国矿业大学出版社@d1998.07 | |
| 215 | @a300页@c图@d26cm | |
| 300 | @a电类专业系列教材 | |
| 320 | @a有书目 (第300页)。 | |
| 330 | @a本书内容包括:工矿企业供电系统,负荷计算与变压器选择,对称与不对称短路电流的计算,工矿企业常用电气设备的选择计算,架空线路与电缆线路的结构等。 | |
| 606 | 0 | @a工业用电@Agong ye yong dian@x供电 |
| 690 | @aTM727.3@v4 | |
| 701 | 0 | @a张学成@Azhang xue cheng@4主编 |
| 801 | 0 | @aCN@c20070428 |
| 905 | @a10447@dTM727.3@eZ210 | |
| 工矿企业供电/张学成主编.-徐州:中国矿业大学出版社,1998.07 |
| 300页:图;26cm |
| 电类专业系列教材 |
| ISBN 7-81040-828-3:CNY28.00 |
| 本书内容包括:工矿企业供电系统,负荷计算与变压器选择,对称与不对称短路电流的计算,工矿企业常用电气设备的选择计算,架空线路与电缆线路的结构等。 |
| ● |
| 相关链接 |
|
|
|
正题名:工矿企业供电
索取号:TM727.3/Z210
 
预约/预借
| 序号 | 登录号 | 条形码 | 馆藏地/架位号 | 状态 | 备注 |
| 1 | 235939 | 202359394 | 自科库301/301自科库 18排3列4层/ [索取号:TM727.3/Z210] | 在馆 | |
| 2 | 235940 | 202359401 | 自科二线400A/400A自科库 3排2列5层/ [索取号:TM727.3/Z210] | 在馆 | |
| 3 | 235941 | 202359410 | 期刊室512/301自科库 12排4列4层/ [索取号:TM727.3/Z210] | 在馆 |